เปลี่ยนเป็นภาษาไทย

Change to English
 แสดงรายละเอียดบรรณานุกรม
  กลับหน้าหลัก

Brief Record : Get Marc (ISO 2709) : E-mail record : QR code กลับ
E-books : เกี่ยวกับ Collections
LEADER 00000nam 2200000uu 4500
001    13399128835
003     BCNR
008    260703s2568||||th 000 0 tha d
020    ^a9786161874094
041    ^atha
060  4 ^aWM188^bน561ห 2568
100 0  ^aนิชิโนะ, เซจิ
245 00 ^aหลับดีมีคุณภาพด้วยเคล็ดลับฉบับสแตนฟอร์ด =^bThe stanford method for ultimate sound sleep /^cนิชิโนะ เซจิ, เขียน ; อนิษา เกมเผ่าพันธ์, แปล
246 31 ^aThe stanford method for ultimate sound sleep
250    ^aพิมพ์ครั้งที่ 3
260    ^aกรุงเทพฯ :^bฮาวทู,^c2568
300    ^a221 หน้า :^bภาพประกอบ ;^c21 ซม.
505 0  ^aสุดยอดวิธีเพื่อการนอนหลับสนิทฉบับสแตนฟอร์ด -- แค่นอนนานไม่ช่วยให้ทำกิจกรรมต่างๆ คล่องตัวขึ้น -- ทำไมคนเราต้องนอนมากถึง 1 ใน 3 ส่วนของชีวิต -- กฎของช่วงเวลาทอง 90 นาทีที่ถูกซุกซ่อนไว้ในยามค่ำคืน -- สุดยอดเคล็ดลับการนอนหลับฉบับสแตนฟอร์ด -- กลเม็ดเด็ดแบบสแตนฟอร์ดที่ช่วยให้หลับสนิท -- คุมความง่วงอยู่ก็คุมชีวิตได้ -- สิ่งที่ค้นพบในสแตนฟอร์ด สถาบันแถวหน้าของงานวิจัยด้านการนอนหลับ
650  4 ^aการนอนหลับ
650  4 ^aการพักผ่อน
650  4 ^aการดูแลสุขภาพ
700 0  ^aอนิษา เกมเผ่าพันธ์,^eแปล
700 1  ^aNishino, Seiji, The standford method for ultimate sound sleep
999    ^aบรรณารักษ์
รายการนี้ยังไม่มีแท็ก
คุณยังไม่ได้ล็อกอิน คุณสามารถมีกิจกรรมร่วมกับเว็บไซต์ได้ แต่ต้องล็อกอินก่อน ::
  ล็อกอิน
ลำดับที่ ประเภท เลขเรียก/บาร์โค้ด สถานที่ สถานะ
1. หนังสือ
หนังสือ
WM188 น561ห 2568 c.1 
  Barcode: 088097
ห้องสมุดสาขาหลัก
►หนังสือทั่วไป
On Shelf
*รอนำขึ้นชั้น
2. หนังสือ
หนังสือ
WM188 น561ห 2568 c.2 
  Barcode: 088098
ห้องสมุดสาขาหลัก
►หนังสือทั่วไป
On Shelf
*รอนำขึ้นชั้น
3. หนังสือ
หนังสือ
WM188 น561ห 2568 c.3 
  Barcode: 088099
ห้องสมุดสาขาหลัก
►หนังสือทั่วไป
On Shelf
*รอนำขึ้นชั้น
   [แสดง 3/3 รายการ]

รายการใกล้เคียง
    หัวเรื่อง [การนอนหลับ]
    หัวเรื่อง [การพักผ่อน]
    หัวเรื่อง [การดูแลสุขภาพ]

BibComment


ยังไม่เคยถูกคอมเมนท์

คอมเมนท์ทรัพยากรรายการนี้
  คอมเมนท์: หลับดีมีคุณภาพด้..
Bib 13399128835

 
 
 

 Union Library Management : ULibM
Copyright 2026. All Rights Reserved.